Library of the University of Algiers 3
Ibrahim Sultan Cheibout
شعار جامعة الجزائر 3
مكتبة جامعة الجزائر 3
إبراهيم سلطان شيبوط

المزيج التسويقي لخدمات البنوك التجارية / (رقم التسجيلة. 42690)

تفاصيل مارك
000 -LEADER
fixed length control field 01069nam a2200241Ia 4500
003 - CONTROL NUMBER IDENTIFIER
control field Ost
005 - DATE AND TIME OF LATEST TRANSACTION
control field 20260507075053.0
008 - FIXED-LENGTH DATA ELEMENTS--GENERAL INFORMATION
fixed length control field 260507s9999||||xx |||||||||||||| ||und||
040 ## - CATALOGING SOURCE
Transcribing agency fsecg
041 ## - LANGUAGE CODE
Language code of text/sound track or separate title ara
082 ## - DEWEY DECIMAL CLASSIFICATION NUMBER
Classification number 332.12
100 ## - MAIN ENTRY--PERSONAL NAME
Personal name أبو ركبة، حسن عبد الله
Relator term مؤلف
245 #0 - TITLE STATEMENT
Title المزيج التسويقي لخدمات البنوك التجارية /
Statement of responsibility, etc. حسن عبد الله أبو ركبة
260 ## - PUBLICATION, DISTRIBUTION, ETC.
Place of publication, distribution, etc. جدة:
Name of publisher, distributor, etc. مركز النشر العلمي,
Date of publication, distribution, etc. 1987
300 ## - PHYSICAL DESCRIPTION
Extent 99 صفحة؛
Other physical details إيضاحات ؛
Dimensions 24 سم
504 ## - BIBLIOGRAPHY, ETC. NOTE
Bibliography, etc. note المراجع ص.75 الملاحق ص.79
520 ## - SUMMARY, ETC.
Summary, etc. البنوك التجارية والتنمية الاقتصادية بالمملكة، طبيعة وأهداف واسلوب الدراسة، تحليل الدراسة، النتائج والتوصيات
653 ## - INDEX TERM--UNCONTROLLED
Uncontrolled term البنوك
653 ## - INDEX TERM--UNCONTROLLED
Uncontrolled term التنمية الاقتصادية
700 ## - ADDED ENTRY--PERSONAL NAME
Personal name مصطفى، أحمد سيد
Relator term مؤلف ثانوي
700 ## - ADDED ENTRY--PERSONAL NAME
Personal name مكي،أحمد فاضل عباس
Relator term مؤلف ثانوي
942 ## - ADDED ENTRY ELEMENTS (KOHA)
Koha item type كتب
المقتنيات
Withdrawn status Lost status Source of classification or shelving scheme Damaged status Not for loan Home library Current library Date acquired Serial enumeration / chronology Inventory number Total checkouts Full call number Barcode Date last seen Price effective from Koha item type
    Dewey Decimal Classification   NOT LOAN / إعارة داخلية مكتبة كلية العلوم الإقتصادية والعلوم التجارية وعلوم التسيير مكتبة كلية العلوم الإقتصادية والعلوم التجارية وعلوم التسيير 07/05/2026 الطابق الأرضي 695/1   أ/695ن1 695/1 07/05/2026 07/05/2026 كتب
    Dewey Decimal Classification   Available مكتبة كلية العلوم الإقتصادية والعلوم التجارية وعلوم التسيير مكتبة كلية العلوم الإقتصادية والعلوم التجارية وعلوم التسيير 07/05/2026 الطابق الثاني 695/2   أ/695ن2 695/2 07/05/2026 07/05/2026 كتب

موارد الويب المفتوحة


© University of Algiers 3 All Rights Reserved
|
Implemented by LECHELAH Riad